00885nac a22002171u 4500010001600000020001700016082001700033090001500050100003400065245008900099260012800188300003300316500002700349504006600376511002800442650001300470651003300483942001900516999001500535952011700550 a 91023269 a0029030110 :00a332.632bBER c6096d6096 aBernstein, Peter L. 10aCapital ideas :bthe improbable origins of modern Wall Street /cPeter L. Bernstein. aNew York :bFree Press ;aToronto :bMaxwell Macmillan Canada ;aNew York :bMaxwell Macmillan International,c1992.cc1992. axi, 340 p. :bill. ;c25 cm. aDistributer: Al-Ahram. aIncludes bibliographical references (p. 319-329) and indexes. aCatalogued By: Mahitab. 0aFinance. 0aWall Street (New York, N.Y.) cBBk332.632BER c6096d6096 00104070aMAINbMAINc1STd2013-11-07ePurchasel1o332.632BERp000007663r2025-07-15 00:00:00s2016-11-15yBB